|
|
|
|
| LEADER |
02208nam a2200565 i 4500 |
| 001 |
nkc20223475805 |
| 003 |
CZ PrNK |
| 005 |
20230215135408.0 |
| 007 |
ta |
| 008 |
221205s2022 xr acehe 000 0dcze |
| 015 |
|
|
|a cnb003475805
|
| 020 |
|
|
|a 978-80-7640-036-8
|q (vázáno)
|
| 035 |
|
|
|a (OCoLC)1369541510
|
| 040 |
|
|
|a BOA001
|b cze
|e rda
|
| 043 |
|
|
|a e-xr---
|b e-xr-pl
|2 czenas
|
| 045 |
|
|
|a x-x-
|
| 072 |
|
7 |
|a 908(437)
|x Vlastivěda Česka a Slovenska
|2 Konspekt
|9 8
|
| 080 |
|
|
|a 93/94-027.541
|2 MRF
|
| 080 |
|
|
|a 929-058.1-027.541
|2 MRF
|
| 080 |
|
|
|a 908(437.317)
|2 MRF
|
| 080 |
|
|
|a (437.317)
|2 MRF
|
| 080 |
|
|
|a (048.8:082)
|2 MRF
|
| 080 |
|
|
|a (084.11)
|2 MRF
|
| 100 |
1 |
|
|a Velichová, Anna,
|d 1956-
|7 mzk2002140296
|4 aut
|
| 245 |
1 |
0 |
|a Starý Plzenec :
|b události, příběhy, osobnosti /
|c texty Anna Velichová a kolektiv
|
| 246 |
1 |
8 |
|a Starý Plzenec - události, příběhy, osobnosti
|
| 250 |
|
|
|a Vydání první
|
| 264 |
|
1 |
|a Plzeň :
|b Starý most,
|c 2022
|
| 300 |
|
|
|a 141 stran :
|b ilustrace (převážně barevné), portréty, plány, faksimile ;
|c 31 cm
|
| 336 |
|
|
|a text
|b txt
|2 rdacontent
|
| 336 |
|
|
|a statický obraz
|b sti
|2 rdacontent
|
| 337 |
|
|
|a bez média
|b n
|2 rdamedia
|
| 338 |
|
|
|a svazek
|b nc
|2 rdacarrier
|
| 648 |
|
7 |
|a 20. století
|7 ch460558
|2 czenas
|
| 650 |
0 |
7 |
|a regionální dějiny
|7 ph440130
|z Česko
|y 20. století
|2 czenas
|
| 650 |
0 |
7 |
|a osobnosti regionu
|7 ph406516
|z Česko
|2 czenas
|
| 650 |
0 |
9 |
|a regional history
|z Czechia
|y 20th century
|2 eczenas
|
| 650 |
0 |
9 |
|a regional celebrities
|z Czechia
|2 eczenas
|
| 651 |
|
7 |
|a Starý Plzenec (Česko)
|7 ge130948
|x vlastivěda a dějiny
|2 czenas
|
| 651 |
|
9 |
|a Starý Plzenec (Czechia)
|x local history and geography
|2 eczenas
|
| 655 |
|
7 |
|a kolektivní monografie
|7 fd501537
|2 czenas
|
| 655 |
|
7 |
|a obrazové publikace
|7 fd132947
|2 czenas
|
| 655 |
|
9 |
|a collective monographs
|2 eczenas
|
| 655 |
|
9 |
|a pictorial works
|2 eczenas
|
| 700 |
1 |
|
|i Navazuje na:
|a Velichová, Anna,
|d 1956-
|t Starý Plzenec - střípky z historie a současnosti
|
| 910 |
2 |
|
|a BOA001
|b 4-1500.517
|
| 990 |
|
|
|a BK
|
| 995 |
|
|
|a 01
|
| 991 |
|
|
|b 202212
|c NOV
|
| 996 |
6 |
|
|b 2610924022
|c 4-1500.517
|l MZK
|r Sklad / do 1 hodiny
|n 0
|p p.v.
|w 001907869
|u 000010
|a 1
|e BOA001
|j MZK50
|s P
|